Los Derechos del trabajador latinoamericano: Agresiones y desafíos. Informe 1995 /

محفوظ في:
التفاصيل البيبلوغرافية
مؤلفون مشاركون: Comisión Latinoamericana por los Derechos y Libertades de los Trabajadores y los Pueblos, CLADEHLT
التنسيق: نص
منشور في: Caracas: CLADEHLT
الوسوم: إضافة وسم
لا توجد وسوم, كن أول من يضع وسما على هذه التسجيلة!

MARC

LEADER 00000 a a2200000 04500
001 22839
003
040
090 |a 157300  
110 |a Comisión Latinoamericana por los Derechos y Libertades de los Trabajadores y los Pueblos  
245 |a Los Derechos del trabajador latinoamericano: Agresiones y desafíos. Informe 1995 /  |c Comisión Latinoamericana por los Derechos y Libertades de los Trabajadores y los Pueblos  
260 |a Caracas:   |b CLADEHLT  
300 |a 67 p   |b **no definido**   |b il.   |b fonodiscos  
710 |a CLADEHLT  
999 |c 5620  |d 5620